[Event "Top 16 Port Marly"]
[Site "Le Port Marly"]
[Date "31.05.31"]
[Round "11.3"]
[White "Bogner, Sebastian"]
[Black "Brunner, Nicolas"]
[Result "0-1"]
[WhiteElo "2511"]
[BlackElo "2398"]
[PlyCount "62"]
[EventDate "31.??.??"]
[WhiteTeam "Mulhouse Philidor"]
[BlackTeam "Vandoeuvre"]

1. d4 d5 2. c4 c6 3. Nf3 Nf6 4. e3 e6 5. b3 b6 6. Bd3 Nbd7 7. O-O Bd6 8. Bb2
O-O 9. Nbd2 Bb7 10. Ne5 Qc7 11. f4 g6 12. Rc1 Rac8 13. Qe1 Rfe8 14. Qh4 Bf8 15.
Ndf3 h6 16. g4 Ne4 17. Bxe4 dxe4 18. Nxd7 Qxd7 19. d5 exf3 20. Rxf3 Bg7 21.
Bxg7 Kxg7 22. f5 exf5 23. gxf5 g5 24. f6+ Kh7 25. Qh5 Re4 26. Rg3 Rh4 27. Qe2
cxd5 28. Qd3+ Kh8 29. Rd1 Rd8 30. e4 Rxe4 31. Rh3 Rh4 0-1

[Event "Top 16 Port Marly"]
[Site "Le Port Marly"]
[Date "31.05.31"]
[Round "11.4"]
[White "Philippe, Christophe"]
[Black "Fargere, Francois"]
[Result "1/2-1/2"]
[WhiteElo "2435"]
[BlackElo "2459"]
[PlyCount "30"]
[EventDate "31.??.??"]
[WhiteTeam "Vandoeuvre"]
[BlackTeam "Mulhouse Philidor"]

1. e4 c5 2. Nf3 d6 3. d4 cxd4 4. Nxd4 Nf6 5. Nc3 a6 6. Bc4 e6 7. Bb3 b5 8. Bg5
Be7 9. Qf3 Qc7 10. e5 Bb7 11. exd6 Bxd6 12. Qe3 Nc6 13. Nf5 O-O-O 14. Nxd6+
Qxd6 15. O-O Nd4 1/2-1/2

[Event "Top 16 Port Marly"]
[Site "Le Port Marly"]
[Date "31.05.31"]
[Round "11.5"]
[White "Riff, Jean-Noel"]
[Black "Nezar, Mustapha"]
[Result "1/2-1/2"]
[WhiteElo "2507"]
[BlackElo "2394"]
[PlyCount "25"]
[EventDate "31.??.??"]
[WhiteTeam "Mulhouse Philidor"]
[BlackTeam "Vandoeuvre"]

1. e4 e5 2. Nf3 Nf6 3. d4 exd4 4. e5 Ne4 5. Qxd4 d5 6. exd6 Nxd6 7. Bg5 Nc6 8.
Bxd8 Nxd4 9. Nxd4 Kxd8 10. Nc3 c6 11. O-O-O Kc7 12. Bd3 Be7 13. Rhe1 1/2-1/2

[Event "Top 16 Port Marly"]
[Site "Le Port Marly"]
[Date "31.05.31"]
[Round "11.7"]
[White "Fischer, Marc"]
[Black "Paci, Cedric"]
[Result "1/2-1/2"]
[WhiteElo "2213"]
[BlackElo "2301"]
[PlyCount "63"]
[EventDate "31.??.??"]
[WhiteTeam "Mulhouse Philidor"]
[BlackTeam "Vandoeuvre"]

1. d4 Nf6 2. Nf3 e6 3. c4 Bb4+ 4. Nbd2 b6 5. g3 Bb7 6. Bg2 O-O 7. O-O Bxd2 8.
Bxd2 h6 9. Bc3 d6 10. Qc2 Be4 11. Qd2 Nbd7 12. b3 Qe7 13. Qb2 Rfe8 14. Rfe1 a5
15. Bf1 c5 16. Nd2 Bc6 17. dxc5 bxc5 18. e4 e5 19. Bg2 Nf8 20. Qc2 Ne6 21. Qd3
Nd4 22. a3 Reb8 23. b4 axb4 24. axb4 cxb4 25. Bxd4 exd4 26. Qxd4 Qe5 27. Qxe5
dxe5 28. Rxa8 Rxa8 29. f3 Nd7 30. Rb1 Ra2 31. Nb3 Ba4 32. Bh3 1/2-1/2

[Event "Top 16 Port Marly"]
[Site "Le Port Marly"]
[Date "31.05.31"]
[Round "11.8"]
[White "Congiu, Mathilde"]
[Black "Muller, Anne"]
[Result "1-0"]
[WhiteElo "2212"]
[BlackElo "2163"]
[PlyCount "75"]
[EventDate "31.??.??"]
[WhiteTeam "Vandoeuvre"]
[BlackTeam "Mulhouse Philidor"]

1. d4 Nf6 2. Nf3 e6 3. Bf4 c5 4. c3 b6 5. e3 Bb7 6. Bd3 Be7 7. h3 O-O 8. O-O d5
9. Nbd2 Nc6 10. Ne5 a6 11. Ndf3 Ne4 12. Nxc6 Bxc6 13. Ne5 Bb7 14. f3 Nf6 15.
Bg5 Re8 16. Bxf6 Bxf6 17. f4 g6 18. Qg4 Bg7 19. h4 a5 20. Rf2 Ba6 21. Bc2 f5
22. Qh3 Rc8 23. g4 b5 24. h5 Bxe5 25. dxe5 Re7 26. Rg2 d4 27. gxf5 d3 28. hxg6
dxc2 29. gxh7+ Kh8 30. Rg8+ Qxg8+ 31. hxg8=Q+ Kxg8 32. f6 Rh7 33. Qxe6+ Kf8 34.
Qd6+ Kg8 35. Qxa6 Rd8 36. Qe6+ Kf8 37. Qg4 Rhd7 38. Rf1 1-0

[Event "Top 16 Port Marly"]
[Site "Le Port Marly"]
[Date "31.05.31"]
[Round "11.3"]
[White "Housieaux, David"]
[Black "Cornette, Matthieu"]
[Result "0-1"]
[WhiteElo "2420"]
[BlackElo "2573"]
[PlyCount "78"]
[EventDate "31.??.??"]
[WhiteTeam "Noyon"]
[BlackTeam "Chalons en Champagne"]

1. Nf3 c5 2. c4 Nc6 3. d4 cxd4 4. Nxd4 g6 5. e4 Bg7 6. Be3 Nf6 7. Nc3 d6 8. Be2
O-O 9. Qd2 Bd7 10. O-O Nxd4 11. Bxd4 Bc6 12. f3 a5 13. b3 Nd7 14. Be3 Nc5 15.
Rab1 e6 16. Bd1 Be5 17. Bc2 f5 18. exf5 gxf5 19. Ne2 Qh4 20. f4 Bg7 21. Qxd6
Ne4 22. Bxe4 Bxe4 23. Rbd1 Rf6 24. Rf2 Rh6 25. g3 Qg4 26. Qe7 Bf6 27. Qxe6+ Kh8
28. Qf7 Rg8 29. Rd6 Qh4 30. Rxf6 Rxg3+ 31. Nxg3 Qxg3+ 32. Kf1 Bd3+ 33. Ke1
Qxe3+ 34. Kd1 Bc2+ 35. Rxc2 Qg1+ 36. Kd2 Rxh2+ 37. Kc3 Qa1+ 38. Kd3 Qd1+ 39.
Ke3 Rh3+ 0-1

[Event "Top 16 Port Marly"]
[Site "Le Port Marly"]
[Date "31.05.31"]
[Round "11.6"]
[White "Apicella, Manuel"]
[Black "Nguyen, Chi-Minh"]
[Result "1-0"]
[WhiteElo "2521"]
[BlackElo "2439"]
[PlyCount "111"]
[EventDate "31.??.??"]
[WhiteTeam "Chalons en Champagne"]
[BlackTeam "Noyon"]

1. e4 e6 2. d4 d5 3. Nc3 Bb4 4. e5 Ne7 5. a3 Bxc3+ 6. bxc3 b6 7. Qg4 Ng6 8. h4
h5 9. Qg3 Ba6 10. Bxa6 Nxa6 11. Qd3 Nb8 12. Bg5 Qc8 13. Ne2 c5 14. O-O Nc6 15.
Ng3 Nge7 16. dxc5 Nxe5 17. Qe2 f6 18. cxb6 Qc4 19. b7 Rb8 20. Be3 Rxb7 21. Rab1
Qxe2 22. Nxe2 Rxb1 23. Rxb1 N5c6 24. Nd4 Kd7 25. Rb7+ Kc8 26. Nxc6 Kxb7 27.
Nxe7 Re8 28. Bc5 Kc7 29. f3 Kd7 30. Ng6 e5 31. Kf2 a5 32. Bb6 Ra8 33. Ke2 Ke6
34. g4 hxg4 35. fxg4 Kf7 36. h5 Ra6 37. Bd8 a4 38. Kd3 Rc6 39. g5 Rc8 40. Be7
Rc4 41. gxf6 gxf6 42. Bd6 Re4 43. Nh8+ Kg7 44. Ng6 Rg4 45. Ne7 Rg3+ 46. Kd2 Kf7
47. Nxd5 Ke6 48. Ne3 Rh3 49. Bb8 Rxh5 50. c4 Rh7 51. c5 Rh8 52. Bd6 f5 53. Nc4
e4 54. Kc3 Rh3+ 55. Kd4 Rh1 56. c6 1-0

[Event "Top 16 Port Marly"]
[Site "Le Port Marly"]
[Date "2009.05.31"]
[Round "11.7"]
[White "Van Heirzeele, Daniel"]
[Black "Dourerassou, Jonathan"]
[Result "0-1"]
[WhiteElo "2177"]
[BlackElo "2416"]
[PlyCount "44"]
[EventDate "31.??.??"]
[WhiteTeam "Noyon"]
[BlackTeam "Chalons en Champagne"]

1. d4 Nf6 2. c4 g6 3. Nc3 d5 4. Nf3 Bg7 5. Qb3 dxc4 6. Qxc4 O-O 7. e4 Na6 8.
Be2 c5 9. d5 e6 10. O-O exd5 11. exd5 Bf5 12. Be3 Qb6 13. b3 Rfe8 14. Rad1 Rad8
15. Rfe1 Qa5 16. Bd2 Nb4 17. Na4 Ne4 18. Qb5 Qc7 19. d6 Nxd6 20. Qxc5 Qxc5 21.
Nxc5 Nc2 22. Bg5 Nxe1 0-1

[Event "Top 16 Port Marly"]
[Site "Le Port Marly"]
[Date "31.05.31"]
[Round "11.8"]
[White "Guilleux, Fabien"]
[Black "Assad, Karine"]
[Result "1-0"]
[WhiteElo "2313"]
[BlackElo "2037"]
[PlyCount "67"]
[EventDate "31.??.??"]
[WhiteTeam "Chalons en Champagne"]
[BlackTeam "Noyon"]

1. d4 d5 2. c4 c6 3. Nf3 Nf6 4. e3 e6 5. Bd3 Bd6 6. O-O O-O 7. Nc3 Nbd7 8. e4
dxc4 9. Bxc4 e5 10. Bg5 h6 11. Bh4 Qe7 12. Re1 Re8 13. h3 b5 14. Bb3 a6 15. Rc1
Bb7 16. dxe5 Nxe5 17. Nd4 Bc8 18. Nf5 Bxf5 19. exf5 Qd8 20. Bxf6 gxf6 21. Qh5
Kg7 22. f4 Bc5+ 23. Kh1 Nd3 24. Qxf7+ Kh8 25. Rxe8+ Qxe8 26. Qxf6+ Kh7 27. Bf7
Qf8 28. Ne4 Nxc1 29. Ng5+ hxg5 30. Qg6+ Kh8 31. f6 Qxf7 32. Qxf7 Ra7 33. Qh5+
Kg8 34. Qxg5+ 1-0